El Teatro Pompeya de Villa Alemana

Guardat en:
Dades bibliogràfiques
Autor principal: Ibarra Arancibia, Jaime (Autor)
Format: Llibre
Idioma:espanyol
Publicat: Valparaíso Imprenta el Mercurio 2003
Matèries:
Etiquetes: Afegir etiqueta
Sense etiquetes, Sigues el primer a etiquetar aquest registre!

MARC

LEADER 00000nam a2200000 a 4500
001 UCL0917
003 CL-VaPUC
008 030825e20030000CL |||||||||||||||||spa|d
082 0 4 |a 725.822  |b IBA  |2 21 
100 0 |a Ibarra Arancibia, Jaime  |e author  |9 477674 
245 1 3 |a El Teatro Pompeya de Villa Alemana 
300 |a 60 p 
942 |c BK 
945 |d 20030825 00:00:00  |a cmena 
260 |a Valparaíso  |b Imprenta el Mercurio  |c 2003 
600 0 7 |a TEATRO POMPEYA  |2 CL-VaPUC  |9 477675 
650 0 |a Teatros   |9 268075 
650 0 |a Diseño arquitectónico   |9 265271 
651 0 |a Villa Alemana  |9 368144 
651 0 |a Región 05  |9 267528 
583 |a last modification  |c 20030825 00:00:00  |k Rodrigo Vera 
999 |c 304642  |d 304640 
952 |0 0  |1 0  |4 0  |6 725_822000000000000_IBA_2003  |7 0  |8 A  |9 367265  |a BIBHIS  |b BIBHIS  |d 2019-11-21  |i 3928764  |l 2  |o 725.822 IBA 2003  |p 3928764  |r 2025-01-20  |s 2023-04-11  |w 2019-11-21  |y BK  |k HIS 
952 |0 0  |1 0  |4 0  |6 725_822000000000000_IBA_2003  |7 0  |8 X  |9 367266  |a FDOMLP  |b FDOMLP  |d 2019-11-21  |i 4110951  |o 725.822 IBA 2003  |p 4110951  |r 2019-11-21  |w 2019-11-21  |y BK_X  |k BU2 
952 |0 0  |1 0  |4 0  |6 725_822000000000000_IBA_2003  |7 0  |8 A  |9 367267  |a BIBARQ  |b BIBARQ  |d 2019-11-21  |i 4221184  |o 725.822 IBA 2003  |p 4221184  |r 2025-01-20  |w 2019-11-21  |y BK  |k ARQ